000 00353 a2200109 4500
001 ART_10764
005 20260410161854.0
008 260409a
245 1 0 _aCargas dinámicas y prueba de la responsabilidad médica
100 1 _aKielmanovich, Jorge L.
773 0 _tDerecho privado
_gBioderecho - Año I, Nº 1 (mayo 2012)
_wREV10455
999 _c25295
_d25295